লোডিং...

Medical Physiology

গ্রন্থ-পঞ্জীর বিবরন
প্রধান লেখক: Vernon Mount castle
বিন্যাস: Printed Book
ভাষা:Undetermined
প্রকাশিত: 1980
সংস্করন:14
বিষয়গুলি:
LEADER 00537nam a2200193Ia 4500
008 141122s9999 xx 000 0 und d
040 |c . 
041 |a English 
082 |a 612 
082 |b MOU/ME 
100 |a Vernon Mount castle 
245 |a Medical Physiology 
245 |c Vernon Mount castle 
250 |a 14 
260 |c 1980 
650 |a Physiology 
942 |c BK 
999 |c 19560  |d 19560 
952 |0 0  |1 0  |4 0  |6 612_000000000000000_MOUME  |7 0  |9 19217  |a COVAS  |b COVAS  |d 0000-00-00  |l 2  |o 612 MOU/ME  |p 12526  |r 2018-04-04  |s 2018-03-23  |w 2014-11-26  |y BK